| 000 | 01403nam0a2200349 4500 | ||
|---|---|---|---|
| 001 | RU\NLR\BIBL_A\022282413 | ||
| 005 | 20260524042716.0 | ||
| 010 |
_a978-5-6051135-8-4 _9500 |
||
| 021 |
_aRU _bКН-П-24-033328 _9КН-П-24-3368 |
||
| 035 | _a(NLR Aleph) 022282413 | ||
| 090 |
_a13661217 _c13661217 |
||
| 100 | _a20240723d2024 u y0rusy50 ca | ||
| 101 | 0 | _arus | |
| 102 | _aRU | ||
| 105 | _aac z 000yy | ||
| 181 | 0 |
_ai3 _baxxe |
|
| 181 | 0 |
_ab2 _bxb2e |
|
| 182 | 0 | _an | |
| 200 | 1 |
_aВ горы с лидерами _fИван Душарин |
|
| 203 |
_aТекст _aИзображение _bвизуальные _cнепосредственные |
||
| 210 |
_aТольятти _c[б. и.] _d2024 |
||
| 215 |
_a171 с. _cцв. ил., портр., табл. _d23 |
||
| 225 | 1 | _aПроект "Восхождение" Дома Рерихов города Тольятти | |
| 300 | _aНа 4-й с. обл. авт.: И. Т. Душарин, мастер спорта междунар. класса по альпинизму | ||
| 333 | _a16+ | ||
| 606 |
_aГоры _jВоспоминания, записки и т.п _xВосхождения _92597735 _3RU\NLR\AUTH\6601744110 |
||
| 686 | 1 | _aЧ518.215(0) | |
| 700 | 1 |
_aДушарин _bИ. Т. _f1947-2024 _gИван Трофимович |
|
| 942 | _cBOOK | ||
| 980 | _aNB | ||